Séries commençant par la lettre G - Statistiques

Statistiques générales
  • Ce quiz a été pris 342 fois
  • Le résultat moyen est 6 sur 10
Statistiques - réponses
Par images Réponse % Correct
Grey’s Anatomy
94%
Good Doctor
89%
Game Of Thrones
84%
Gossip Girl
75%
Ginny & Georgia
59%
Glee
58%
Ghost Whisperer
56%
Gilmore Girls
50%
Good Girls
28%
Griselda
14%
Greenleaf
4%
Aucun quiz correspondant
Distribution des résultats
% des personnes avec chaque résultat
Percentile par nombre de réponses
Votre historique - résultats
Vous n’avez pas pris ce quiz